[Event "20. Obert Int. Sant Marti 2018 - B"]
[Site "Barcelona ESP"]
[Date "2018.07.15"]
[Round "3.56"]
[White "Apinyan, Mark"]
[Black "Gorti, Atmika"]
[Result "0-1"]
[WhiteElo "1269"]
[BlackElo "1712"]
[PlyCount "52"]
[EventDate "2018.07.13"]
[EventType "swiss"]
[EventRounds "9"]
[EventCountry "ESP"]
[SourceTitle "Ajedrez en Madrid"]
[Source "lmi"]
[SourceDate "2018.07.13"]
[SourceVersion "1"]
[SourceVersionDate "2019.06.21"]
[SourceQuality "1"]

1. d4 Nf6 2. Nf3 g6 3. c4 Bg7 4. Nc3 d5 5. e3 c5 6. cxd5 Nxd5 7. Bc4 Nxc3 8.
bxc3 Qa5 9. Bd2 Nc6 10. O-O O-O 11. h3 Rd8 12. Rb1 Qc7 13. Qb3 Na5 14. Qa4 cxd4
15. Bxf7+ Kxf7 16. cxd4 Nc6 17. Rfc1 Qd7 18. Qb3+ Qd5 19. Qxd5+ Rxd5 20. Kf1
Rd6 21. Rb5 b6 22. Ng5+ Kg8 23. f3 Ba6 24. a4 Nxd4 25. exd4 Rxd4 26. Bc3 Rxa4
0-1

[Event "20. Obert Int. Sant Marti 2018 - B"]
[Site "Barcelona ESP"]
[Date "2018.07.15"]
[Round "3.58"]
[White "Roche Peris, Eduard"]
[Black "Dominguez Diaz, Francisco"]
[Result "1-0"]
[WhiteElo "1705"]
[BlackElo "1319"]
[PlyCount "53"]
[EventDate "2018.07.13"]
[EventType "swiss"]
[EventRounds "9"]
[EventCountry "ESP"]
[SourceTitle "Ajedrez en Madrid"]
[Source "lmi"]
[SourceDate "2018.07.13"]
[SourceVersion "1"]
[SourceVersionDate "2019.06.21"]
[SourceQuality "1"]

1. e4 d6 2. d4 e6 3. Nc3 c6 4. Nf3 h6 5. Bd3 Ne7 6. O-O Nd7 7. Bf4 Ng6 8. Bg3
Nf6 9. h3 Nh5 10. e5 Nxg3 11. fxg3 dxe5 12. Bxg6 exd4 13. Bxf7+ Kxf7 14. Ne5+
Kg8 15. Qh5 Qe7 16. Ne4 Bd7 17. Ng6 Qb4 18. Nxh8 Kxh8 19. b3 Be8 20. Qe5 Bd7
21. Rf7 Be8 22. a3 Qb6 23. Rxf8+ Kh7 24. Kh2 Rd8 25. Nf6+ gxf6 26. Qxf6 Qc7 27.
Rh8# 1-0

[Event "20. Obert Int. Sant Marti 2018 - B"]
[Site "Barcelona ESP"]
[Date "2018.07.15"]
[Round "3.60"]
[White "Campos Barrachina, Edgar"]
[Black "Jimenez Rimblas, Raul"]
[Result "0-1"]
[WhiteElo "1689"]
[BlackElo "1313"]
[PlyCount "110"]
[EventDate "2018.07.13"]
[EventType "swiss"]
[EventRounds "9"]
[EventCountry "ESP"]
[SourceTitle "Ajedrez en Madrid"]
[Source "lmi"]
[SourceDate "2018.07.13"]
[SourceVersion "1"]
[SourceVersionDate "2019.06.21"]
[SourceQuality "1"]

1. e4 g6 2. d4 Bg7 3. Nc3 d6 4. Bc4 Nf6 5. Qe2 O-O 6. Bd2 Nc6 7. d5 Ne5 8. f4
Nxc4 9. Qxc4 c6 10. dxc6 Be6 11. Qe2 bxc6 12. Nf3 Rb8 13. Rb1 Qb6 14. Be3 Qa5
15. Bd2 Bxa2 16. Ra1 Rxb2 17. Nxa2 Qa4 18. Bc3 Rxa2 19. Rxa2 Qxa2 20. O-O Rb8
21. Ra1 Rb1+ 22. Rxb1 Qxb1+ 23. Be1 Nh5 24. Qd2 Qb5 25. Bh4 Bf6 26. Bxf6 Nxf6
27. Qd3 Qxd3 28. cxd3 c5 29. Kf2 Kg7 30. Ke3 d5 31. Ne5 h5 32. h3 a5 33. Nc6 a4
34. e5 d4+ 35. Kd2 Nd5 36. g3 Kf8 37. e6 fxe6 38. Nd8 Nc7 39. Nb7 Na6 40. Nd8
a3 41. Nxe6+ Kf7 42. Ng5+ Kf6 43. Ne4+ Kf5 44. Kc2 c4 45. Nd2 Nb4+ 46. Kb1 a2+
47. Ka1 cxd3 48. Kb2 e5 49. fxe5 Kxe5 50. Ka1 Kf5 51. Kb2 g5 52. Nf3 Kf6 53.
Nd2 Kf5 54. Nf3 Ke4 55. Nxg5+ Ke3 0-1

[Event "20. Obert Int. Sant Marti 2018 - B"]
[Site "Barcelona ESP"]
[Date "2018.07.15"]
[Round "3.62"]
[White "Munoz Lozano, Jorge Manuel"]
[Black "Sanchez Viana, Jordi"]
[Result "1-0"]
[WhiteElo "1787"]
[BlackElo "1536"]
[PlyCount "105"]
[EventDate "2018.07.13"]
[EventType "swiss"]
[EventRounds "9"]
[EventCountry "ESP"]
[SourceTitle "Ajedrez en Madrid"]
[Source "lmi"]
[SourceDate "2018.07.13"]
[SourceVersion "1"]
[SourceVersionDate "2019.06.21"]
[SourceQuality "1"]

1. d4 d5 2. c4 c6 3. Nf3 Nf6 4. Nc3 dxc4 5. Bg5 e6 6. e4 Be7 7. Bxc4 O-O 8. O-O
h6 9. Bh4 b5 10. Bd3 Bb7 11. Rc1 Na6 12. e5 Nd5 13. Bxe7 Nxc3 14. bxc3 Qxe7 15.
Qb3 Rab8 16. Nd2 c5 17. Bb1 Qg5 18. Ne4 Bxe4 19. Bxe4 Rfd8 20. Qa3 Nc7 21. Qxa7
Ne8 22. Qxc5 Rdc8 23. Qa3 Nc7 24. f4 Qg4 25. Rf3 Nd5 26. Bxd5 exd5 27. Rcf1 Ra8
28. Qb3 Qd7 29. f5 Ra4 30. R1f2 Rca8 31. h3 Ra3 32. Qb1 Qc6 33. Rc2 R8a4 34.
Re3 Rc4 35. Qc1 Qa6 36. Qd2 Rca4 37. Re2 Rc4 38. e6 fxe6 39. Rxe6 Qc8 40. Qe2
Ra8 41. Qe3 b4 42. Qe5 Rxc3 43. Re7 Qf8 44. Qxd5+ Kh8 45. Rce2 Rc1+ 46. Kh2
Qb8+ 47. Qe5 Qxe5+ 48. dxe5 Ra1 49. Rb7 R1xa2 50. Rxa2 Rxa2 51. Rxb4 Rf2 52.
Rb8+ Kh7 53. Rf8 1-0

[Event "20. Obert Int. Sant Marti 2018 - B"]
[Site "Barcelona ESP"]
[Date "2018.07.15"]
[Round "3.63"]
[White "Ferre Navarro, Joan"]
[Black "Pifarre Gene, Joan Baptista"]
[Result "1-0"]
[WhiteElo "1629"]
[BlackElo "1489"]
[PlyCount "55"]
[EventDate "2018.07.13"]
[EventType "swiss"]
[EventRounds "9"]
[EventCountry "ESP"]
[SourceTitle "Ajedrez en Madrid"]
[Source "lmi"]
[SourceDate "2018.07.13"]
[SourceVersion "1"]
[SourceVersionDate "2019.06.21"]
[SourceQuality "1"]

1. d4 Nf6 2. Nf3 g6 3. Bf4 d6 4. Nbd2 Bg7 5. h3 O-O 6. e3 Nbd7 7. Nb3 b6 8. Be2
Bb7 9. O-O Rc8 10. c3 c5 11. Rc1 Nd5 12. Bh2 f5 13. Ng5 Rf6 14. Bc4 h6 15. Nf3
Kh7 16. dxc5 e6 17. Bxd5 Bxd5 18. cxd6 Rf8 19. a3 Nf6 20. Nbd4 Re8 21. Re1 Ne4
22. Nb5 Qd7 23. Nc7 Nxd6 24. Nxe8 Rxe8 25. Bxd6 Bxf3 26. Qxf3 Qxd6 27. Red1 Qc7
28. Rd2 1-0

[Event "20. Obert Int. Sant Marti 2018 - B"]
[Site "Barcelona ESP"]
[Date "2018.07.15"]
[Round "3.64"]
[White "Gupta, Ritvik"]
[Black "Siso Ribes, Genis Alfred"]
[Result "0-1"]
[WhiteElo "1021"]
[BlackElo "1626"]
[PlyCount "84"]
[EventDate "2018.07.13"]
[EventType "swiss"]
[EventRounds "9"]
[EventCountry "ESP"]
[SourceTitle "Ajedrez en Madrid"]
[Source "lmi"]
[SourceDate "2018.07.13"]
[SourceVersion "1"]
[SourceVersionDate "2019.06.21"]
[SourceQuality "1"]

1. e4 e5 2. Nf3 Nc6 3. Bc4 Bc5 4. c3 Nf6 5. d4 exd4 6. O-O Nxe4 7. cxd4 d5 8.
dxc5 dxc4 9. Qxd8+ Kxd8 10. Ng5 Nxg5 11. Bxg5+ f6 12. Be3 Be6 13. Nc3 a6 14.
Rad1+ Ke7 15. Nd5+ Bxd5 16. Rxd5 Rad8 17. Rfd1 Nb4 18. Rxd8 Rxd8 19. Rxd8 Kxd8
20. a3 Nd3 21. Bd4 Kd7 22. Kf1 Kc6 23. Ke2 Nxc5 24. Kd1 Kd5 25. Bxc5 Kxc5 26.
Kc2 Kd4 27. f4 b5 28. g4 c5 29. h4 Ke4 30. Kc3 Kxf4 31. a4 Kxg4 32. axb5 axb5
33. b4 cxb3 34. Kxb3 f5 35. Kc3 f4 36. Kd3 c4+ 37. Kd2 f3 38. Ke1 Kg3 39. h5 c3
40. h6 g6 41. Kf1 c2 42. Kg1 c1=Q# 0-1

[Event "20. Obert Int. Sant Marti 2018 - B"]
[Site "Barcelona ESP"]
[Date "2018.07.15"]
[Round "3.65"]
[White "Ankit, Dalal"]
[Black "Pinyol I Llora, Julia"]
[Result "1-0"]
[WhiteElo "1591"]
[BlackElo "1374"]
[PlyCount "117"]
[EventDate "2018.07.13"]
[EventType "swiss"]
[EventRounds "9"]
[EventCountry "ESP"]
[SourceTitle "Ajedrez en Madrid"]
[Source "lmi"]
[SourceDate "2018.07.13"]
[SourceVersion "1"]
[SourceVersionDate "2019.06.21"]
[SourceQuality "1"]

1. e4 e6 2. Qe2 Be7 3. g3 d5 4. d3 dxe4 5. dxe4 e5 6. Bg2 Nc6 7. Nf3 Nf6 8. O-O
O-O 9. Nc3 Bg4 10. Be3 Qd7 11. Rad1 Qe6 12. Qb5 Rab8 13. Ng5 Qc8 14. Rd2 Rd8
15. Rxd8+ Qxd8 16. h3 Bh5 17. Nf3 Qd6 18. Rd1 Qb4 19. a3 Qxb5 20. Nxb5 Rc8 21.
Nc3 Bg6 22. Nh4 Na5 23. Nxg6 hxg6 24. Nd5 Kf8 25. Nxe7 Kxe7 26. h4 Nc4 27. Bc5+
Ke8 28. b3 b6 29. Bh3 Rd8 30. Rxd8+ Kxd8 31. Bf8 Nxa3 32. Bxa3 Nxe4 33. Bf8 a5
34. Bxg7 f6 35. Bg2 f5 36. Bxe5 b5 37. Bxe4 fxe4 38. Kf1 Kd7 39. Ke2 a4 40.
bxa4 bxa4 41. Ke3 a3 42. Kxe4 Ke6 43. f4 c6 44. g4 a2 45. h5 Kf7 46. h6 g5 47.
h7 c5 48. h8=Q c4 49. Qf6+ Ke8 50. Bd6 Kd7 51. Qe7+ Kc6 52. Be5 c3 53. Bxc3
a1=Q 54. Bxa1 Kb5 55. Qc7 Kb4 56. Kd4 Kb5 57. Qb7+ Ka5 58. Kc5 Ka4 59. Qb4# 1-0

[Event "20. Obert Int. Sant Marti 2018 - B"]
[Site "Barcelona ESP"]
[Date "2018.07.15"]
[Round "3.66"]
[White "Bernat Mor, Juli"]
[Black "Aagam, Aditya E"]
[Result "0-1"]
[WhiteElo "1370"]
[BlackElo "1579"]
[PlyCount "84"]
[EventDate "2018.07.13"]
[EventType "swiss"]
[EventRounds "9"]
[EventCountry "ESP"]
[SourceTitle "Ajedrez en Madrid"]
[Source "lmi"]
[SourceDate "2018.07.13"]
[SourceVersion "1"]
[SourceVersionDate "2019.06.21"]
[SourceQuality "1"]

1. d4 Nf6 2. c4 e6 3. Nc3 Bb4 4. Qc2 b6 5. a3 Bxc3+ 6. bxc3 h6 7. e4 d6 8. e5
dxe5 9. dxe5 Nfd7 10. Nf3 O-O 11. Bf4 Nc5 12. Be2 Nc6 13. Rd1 Qe7 14. O-O Na5
15. Rb1 Ba6 16. Nd2 Rad8 17. Ne4 Bxc4 18. Bxc4 Nxc4 19. Ra1 Nxe4 20. Qxe4 Qc5
21. Bxh6 gxh6 22. Qg4+ Kh8 23. Qh4 Nxe5 24. Qxh6+ Kg8 25. Kh1 Ng6 26. h4 Rd5
27. g4 Qxc3 28. f3 Qg7 29. Qe3 Nxh4 30. Ra2 Rfd8 31. Kh2 Qe5+ 32. Qxe5 Rxe5 33.
Kg3 Ng6 34. Rc1 c5 35. Rac2 Rd3 36. a4 Ree3 37. Rf2 Ra3 38. Rc4 Ne5 39. Rf4 Nd3
40. Rd2 Nxf4 41. Kxf4 Rxf3+ 42. Ke4 Rae3# 0-1

[Event "20. Obert Int. Sant Marti 2018 - B"]
[Site "Barcelona ESP"]
[Date "2018.07.15"]
[Round "3.69"]
[White "Ruiz Puerta, Jon Ander"]
[Black "Padin Jimenez, Oriol"]
[Result "1-0"]
[WhiteElo "1616"]
[BlackElo "1396"]
[PlyCount "94"]
[EventDate "2018.07.13"]
[EventType "swiss"]
[EventRounds "9"]
[EventCountry "ESP"]
[SourceTitle "Ajedrez en Madrid"]
[Source "lmi"]
[SourceDate "2018.07.13"]
[SourceVersion "1"]
[SourceVersionDate "2019.06.21"]
[SourceQuality "1"]

1. d4 d5 2. Nf3 Nf6 3. e3 e6 4. Bd3 Bd6 5. b3 Nc6 6. a3 a6 7. Bb2 Bd7 8. Nbd2
O-O 9. Ne5 Qe7 10. f4 Bxe5 11. dxe5 Ne8 12. Qh5 g6 13. Qh6 f6 14. Nf3 Qg7 15.
Qxg7+ Kxg7 16. exf6+ Nxf6 17. g4 Kg8 18. g5 Ne8 19. h4 Ng7 20. Nh2 e5 21. Rf1
exf4 22. exf4 Rae8+ 23. Kd2 Nh5 24. Be2 Nxf4 25. Bg4 Bxg4 26. Nxg4 Re2+ 27. Kd1
d4 28. Rxf4 Rxf4 29. Nh6+ Kf8 30. Kxe2 Rxh4 31. Rf1+ Ke7 32. Ng8+ Ke6 33. Nf6
Rh2+ 34. Rf2 Rh4 35. c3 Ke5 36. cxd4+ Nxd4+ 37. Kd3 c5 38. Re2+ Kf5 39. Rf2+
Ke6 40. b4 b6 41. bxc5 bxc5 42. Ne4 Kd5 43. Nc3+ Ke5 44. Rf7 Ke6 45. Rf6+ Ke5
46. Rxa6 Rg4 47. Ra5 Kd6 1-0

[Event "20. Obert Int. Sant Marti 2018 - B"]
[Site "Barcelona ESP"]
[Date "2018.07.15"]
[Round "3.71"]
[White "Bermejo Cuadra, Roberto"]
[Black "Riera Mestres, Josep"]
[Result "0-1"]
[WhiteElo "1315"]
[BlackElo "1565"]
[PlyCount "96"]
[EventDate "2018.07.13"]
[EventType "swiss"]
[EventRounds "9"]
[EventCountry "ESP"]
[SourceTitle "Ajedrez en Madrid"]
[Source "lmi"]
[SourceDate "2018.07.13"]
[SourceVersion "1"]
[SourceVersionDate "2019.06.21"]
[SourceQuality "1"]

1. Nf3 d6 2. e3 Nf6 3. Nc3 g6 4. Bc4 Bg7 5. Ng5 e6 6. d4 O-O 7. e4 Nbd7 8. d5
e5 9. h3 h6 10. Nf3 Nc5 11. Qe2 a6 12. b4 Ncd7 13. a4 b6 14. O-O Kh7 15. Be3
Qe7 16. b5 a5 17. Bd3 Rg8 18. Nh2 h5 19. Bg5 Bh6 20. Bxh6 Kxh6 21. Qe3+ Kg7 22.
f4 exf4 23. Rxf4 Qe5 24. Be2 Nxd5 25. Nxd5 Qxa1+ 26. Rf1 Qe5 27. Nf3 Qg3 28.
Ne7 Re8 29. Nxc8 Raxc8 30. Qd4+ f6 31. Bc4 Rf8 32. Be6 Rcd8 33. Bxd7 Rxd7 34.
h4 Re7 35. c4 Qg4 36. Ng5 Re5 37. Nf3 Qxe4 38. Qc3 Qe3+ 39. Qxe3 Rxe3 40. Nd4
Rfe8 41. Rf4 R3e4 42. Rxe4 Rxe4 43. Nc6 Rxc4 44. Ne7 Rxa4 45. Nd5 Rc4 46. g3 a4
47. Ne3 Rc5 48. Kf2 a3 0-1

[Event "20. Obert Int. Sant Marti 2018 - B"]
[Site "Barcelona ESP"]
[Date "2018.07.15"]
[Round "3.72"]
[White "Membrives Cano, Diego"]
[Black "Zhou, Luyu"]
[Result "0-1"]
[WhiteElo "1262"]
[BlackElo "1542"]
[PlyCount "40"]
[EventDate "2018.07.13"]
[EventType "swiss"]
[EventRounds "9"]
[EventCountry "ESP"]
[SourceTitle "Ajedrez en Madrid"]
[Source "lmi"]
[SourceDate "2018.07.13"]
[SourceVersion "1"]
[SourceVersionDate "2019.06.21"]
[SourceQuality "1"]

1. d4 Nf6 2. Bf4 e6 3. e3 b6 4. c4 Bb7 5. Nf3 c5 6. Bd3 Be7 7. Nc3 Nc6 8. d5
exd5 9. cxd5 Nb4 10. d6 Bf8 11. Nb5 Nfd5 12. e4 Nxd3+ 13. Qxd3 Nxf4 14. Qc4 Ne6
15. Ne5 Qf6 16. Nc7+ Nxc7 17. dxc7 Qxe5 18. O-O-O Qxc7 19. Rd2 Be7 20. Kc2 O-O
0-1

[Event "20. Obert Int. Sant Marti 2018 - B"]
[Site "Barcelona ESP"]
[Date "2018.07.15"]
[Round "3.73"]
[White "Munt Serrano, Jesus"]
[Black "Minko, Uliana"]
[Result "0-1"]
[WhiteElo "1511"]
[BlackElo "1284"]
[PlyCount "123"]
[EventDate "2018.07.13"]
[EventType "swiss"]
[EventRounds "9"]
[EventCountry "ESP"]
[SourceTitle "Ajedrez en Madrid"]
[Source "lmi"]
[SourceDate "2018.07.13"]
[SourceVersion "1"]
[SourceVersionDate "2019.06.21"]
[SourceQuality "1"]

1. e4 e6 2. d4 d5 3. Nc3 dxe4 4. Nxe4 Nd7 5. Nf3 Ngf6 6. Nc3 c5 7. Be3 b6 8.
Qd2 Bb7 9. Be2 a6 10. a4 Rc8 11. O-O Be7 12. Rad1 O-O 13. Na2 Qc7 14. dxc5 Nxc5
15. Bf4 Qd8 16. Qe1 Qe8 17. b3 Rd8 18. Nb4 Rxd1 19. Qxd1 Qa8 20. Nd3 Nce4 21.
Be5 Rd8 22. Nfe1 Bd6 23. Bxd6 Rxd6 24. Bf3 Qb8 25. Qa1 Nd2 26. Bxb7 Qxb7 27.
Qa3 Rd8 28. Nf3 Nxf1 29. Kxf1 h6 30. b4 Rc8 31. Qb2 b5 32. Nc5 Qa7 33. a5 Rd8
34. Ke2 Nd5 35. Qd4 Qa8 36. Ne5 Nc7 37. Qf4 f6 38. Nf7 Re8 39. Qxc7 Qxg2 40.
Nd6 Qg4+ 41. Ke3 Rf8 42. Nxa6 Qg5+ 43. Kd3 Qd5+ 44. Kc3 Qf3+ 45. Kb2 Qxf2 46.
Nc5 Qd4+ 47. Kb3 Qd5+ 48. Ka3 Qe5 49. Nd7 Qa1+ 50. Kb3 Qa4+ 51. Kc3 Qa3+ 52.
Kd2 Qxb4+ 53. c3 Qb2+ 54. Kd3 Qb1+ 55. Ke2 Ra8 56. Nb6 Rf8 57. a6 Qa2+ 58. Ke3
Qxa6 59. Qc5 Qa2 60. Nxb5 Qxh2 61. Qe7 Qg1+ 62. Kd2 0-1

[Event "20. Obert Int. Sant Marti 2018 - B"]
[Site "Barcelona ESP"]
[Date "2018.07.15"]
[Round "3.74"]
[White "Casas Vinas, Arthur"]
[Black "Rodoreda Pares, Marc"]
[Result "1/2-1/2"]
[WhiteElo "1249"]
[BlackElo "1487"]
[PlyCount "72"]
[EventDate "2018.07.13"]
[EventType "swiss"]
[EventRounds "9"]
[EventCountry "ESP"]
[SourceTitle "Ajedrez en Madrid"]
[Source "lmi"]
[SourceDate "2018.07.13"]
[SourceVersion "1"]
[SourceVersionDate "2019.06.21"]
[SourceQuality "1"]

1. e4 e5 2. Nf3 Nf6 3. Nc3 Nc6 4. Bc4 Bb4 5. O-O O-O 6. d3 d6 7. h3 h6 8. Ne2
d5 9. Bb3 dxe4 10. dxe4 Qxd1 11. Rxd1 Nxe4 12. c3 Bc5 13. Be3 Bxe3 14. fxe3 Bf5
15. Rf1 Bg6 16. Nh4 Bh7 17. Rad1 Rad8 18. Rxd8 Nxd8 19. Nf5 Nc6 20. Bc2 Nd2 21.
Rf2 Rd8 22. Neg3 g6 23. Nxh6+ Kg7 24. Nxf7 Rd7 25. Ng5 Nc4 26. Nf5+ gxf5 27.
Nxh7 Nxe3 28. Ng5 Nxc2 29. Rxc2 Kf6 30. h4 Rd1+ 31. Kh2 e4 32. g3 e3 33. Re2
Rd2 34. Rg2 Rxg2+ 35. Kxg2 Ne5 36. Kf1 Ng4 1/2-1/2

[Event "20. Obert Int. Sant Marti 2018 - B"]
[Site "Barcelona ESP"]
[Date "2018.07.15"]
[Round "3.75"]
[White "Minko, Aleksandr"]
[Black "Membrives Pino, Didac"]
[Result "0-1"]
[WhiteElo "1112"]
[BlackElo "1477"]
[PlyCount "130"]
[EventDate "2018.07.13"]
[EventType "swiss"]
[EventRounds "9"]
[EventCountry "ESP"]
[SourceTitle "Ajedrez en Madrid"]
[Source "lmi"]
[SourceDate "2018.07.13"]
[SourceVersion "1"]
[SourceVersionDate "2019.06.21"]
[SourceQuality "1"]

1. e4 c5 2. Nf3 e6 3. d4 cxd4 4. Nxd4 a6 5. Be3 Qc7 6. f3 Nf6 7. Qd2 b5 8. a3
Nc6 9. Nc3 g6 10. O-O-O Bg7 11. h4 h5 12. g3 b4 13. axb4 Nxb4 14. e5 Qxe5 15.
Bf4 Qa5 16. Kb1 Nfd5 17. Bc4 Nxc3+ 18. Qxc3 Qc5 19. Rd2 O-O 20. g4 e5 21. Nb3
exf4 22. Qxg7+ Kxg7 23. Nxc5 d6 24. Ne4 hxg4 25. fxg4 Bb7 26. Re1 Rfe8 27. Rde2
Bxe4 28. Rxe4 Rxe4 29. Rxe4 d5 30. Rxf4 dxc4 31. Rxc4 a5 32. h5 Re8 33. b3 Re5
34. hxg6 Kxg6 35. Kb2 Re2 36. Kc1 Kg5 37. Rc5+ Kxg4 38. Rxa5 Rxc2+ 39. Kb1 Rf2
40. Ra4 Rf4 41. Ra7 f5 42. Rg7+ Kf3 43. Rg1 Ke2 44. Rg2+ Rf2 45. Rg1 f4 46. Rg8
Rf1+ 47. Kb2 Nd3+ 48. Kc3 Rc1+ 49. Kd4 f3 50. Re8+ Kd2 51. Re3 Ne1 52. Re8 f2
53. Rf8 Nc2+ 54. Kc5 f1=Q 55. Rxf1 Rxf1 56. b4 Rf5+ 57. Kb6 Nxb4 58. Ka7 Rf6
59. Ka8 Rf7 60. Kb8 Kd3 61. Kc8 Kd4 62. Kd8 Kd5 63. Ke8 Ra7 64. Kf8 Ke6 65. Ke8
Ra8# 0-1

[Event "20. Obert Int. Sant Marti 2018 - B"]
[Site "Barcelona ESP"]
[Date "2018.07.15"]
[Round "3.76"]
[White "Cassi Gimeno, Jordi"]
[Black "Juncosa Padros, Ernest"]
[Result "0-1"]
[WhiteElo "1464"]
[BlackElo "1212"]
[PlyCount "70"]
[EventDate "2018.07.13"]
[EventType "swiss"]
[EventRounds "9"]
[EventCountry "ESP"]
[SourceTitle "Ajedrez en Madrid"]
[Source "lmi"]
[SourceDate "2018.07.13"]
[SourceVersion "1"]
[SourceVersionDate "2019.06.21"]
[SourceQuality "1"]

1. e4 e6 2. d4 d5 3. Nd2 c5 4. dxc5 Bxc5 5. Bd3 Qb6 6. Qe2 Nf6 7. h3 dxe4 8.
Nxe4 Nxe4 9. Bxe4 Bd7 10. Nf3 Bc6 11. Bxc6+ Nxc6 12. O-O O-O 13. c3 Rfd8 14. b4
Be7 15. Be3 Qc7 16. Rad1 Rxd1 17. Rxd1 Ne5 18. Bf4 Nxf3+ 19. Qxf3 Qb6 20. Rd7
Bf6 21. Rxb7 Qa6 22. b5 Qxa2 23. Rd7 Re8 24. Qb7 e5 25. Be3 Qa1+ 26. Kh2 Qxc3
27. Qxa7 Qc8 28. b6 h6 29. Qc7 e4 30. Bf4 g5 31. Bg3 Qxc7 32. Bxc7 Be5+ 33.
Bxe5 Rxe5 34. Rd8+ Kg7 35. b7 Rb5 0-1

[Event "20. Obert Int. Sant Marti 2018 - B"]
[Site "Barcelona ESP"]
[Date "2018.07.15"]
[Round "3.77"]
[White "Garcia Miralles, Eduard"]
[Black "Ruiz Serra, Guillem"]
[Result "1-0"]
[WhiteElo "1443"]
[BlackElo "1199"]
[PlyCount "107"]
[EventDate "2018.07.13"]
[EventType "swiss"]
[EventRounds "9"]
[EventCountry "ESP"]
[SourceTitle "Ajedrez en Madrid"]
[Source "lmi"]
[SourceDate "2018.07.13"]
[SourceVersion "1"]
[SourceVersionDate "2019.06.21"]
[SourceQuality "1"]

1. e4 e5 2. Nf3 Nc6 3. Bc4 Be7 4. O-O Nf6 5. Nc3 O-O 6. d3 d6 7. a3 a6 8. h3 b5
9. Ba2 Be6 10. Nd5 h6 11. Bd2 Qd7 12. Ne3 Rad8 13. Qc1 d5 14. exd5 Nxd5 15. Re1
Bc5 16. Nxd5 Bxd5 17. Nxe5 Qf5 18. Ng4 h5 19. Ne3 Bxe3 20. Rxe3 Qg6 21. Rg3 Qf5
22. Bc3 f6 23. Qh6 Qh7 24. Qf4 Ne5 25. Bxe5 fxe5 26. Qxe5 Bxa2 27. Rxa2 Rc8 28.
Qe6+ Kh8 29. Qxa6 c6 30. Re3 Qh6 31. Ra1 Qf4 32. Rf3 Qd2 33. Rxf8+ Rxf8 34. Qb6
Rf6 35. Qc5 Qf4 36. Qxh5+ Kg8 37. Qe2 Qf5 38. a4 Re6 39. Qg4 Qe5 40. d4 Qd5 41.
a5 c5 42. a6 Re8 43. Qf3 Qd8 44. a7 Qa8 45. Qxa8 Rxa8 46. d5 Kf7 47. b3 Ke7 48.
c4 bxc4 49. bxc4 Kd6 50. f4 Kc7 51. Kf2 Kb7 52. Ke3 Rxa7 53. Rxa7+ Kxa7 54. Ke4
1-0

[Event "20. Obert Int. Sant Marti 2018 - B"]
[Site "Barcelona ESP"]
[Date "2018.07.15"]
[Round "3.78"]
[White "Bienvenido Kleque, Jose"]
[Black "Del Rio Baena, Dani"]
[Result "1/2-1/2"]
[WhiteElo "1439"]
[BlackElo "1050"]
[PlyCount "69"]
[EventDate "2018.07.13"]
[EventType "swiss"]
[EventRounds "9"]
[EventCountry "ESP"]
[SourceTitle "Ajedrez en Madrid"]
[Source "lmi"]
[SourceDate "2018.07.13"]
[SourceVersion "1"]
[SourceVersionDate "2019.06.21"]
[SourceQuality "1"]

1. d4 d5 2. c4 c6 3. cxd5 cxd5 4. Nf3 Nf6 5. Bg5 Nc6 6. e3 Bf5 7. Bd3 Bg6 8. a3
e6 9. Nc3 Bd6 10. O-O Qc7 11. Nb5 Qd7 12. Nxd6+ Qxd6 13. Bf4 Qe7 14. Rc1 Bxd3
15. Qxd3 O-O 16. Rc2 Nh5 17. Ng5 g6 18. Nf3 Nxf4 19. exf4 f6 20. Re1 Qd6 21.
Rce2 Rae8 22. Qd2 Rf7 23. g3 Rfe7 24. Qd3 e5 25. fxe5 fxe5 26. dxe5 Nxe5 27.
Nxe5 Rxe5 28. Rxe5 Rxe5 29. Rxe5 Qxe5 30. Qe3 Qxe3 31. fxe3 Kf7 32. Kf2 Kf6 33.
Kf3 Kf5 34. h3 Ke5 35. g4 1/2-1/2

[Event "20. Obert Int. Sant Marti 2018 - B"]
[Site "Barcelona ESP"]
[Date "2018.07.15"]
[Round "3.79"]
[White "Pandey, Vedanshi"]
[Black "Marzo Ruiz, Xavier"]
[Result "1-0"]
[WhiteElo "1075"]
[BlackElo "1417"]
[PlyCount "113"]
[EventDate "2018.07.13"]
[EventType "swiss"]
[EventRounds "9"]
[EventCountry "ESP"]
[SourceTitle "Ajedrez en Madrid"]
[Source "lmi"]
[SourceDate "2018.07.13"]
[SourceVersion "1"]
[SourceVersionDate "2019.06.21"]
[SourceQuality "1"]

1. e4 c5 2. Nf3 Nc6 3. Bc4 g6 4. Nc3 Bg7 5. d3 Nf6 6. Be3 b6 7. h3 Na5 8. Bb3
Nxb3 9. axb3 Bb7 10. O-O h6 11. Qd2 g5 12. Nb5 a6 13. Nc3 O-O 14. Rfd1 d6 15.
Ne2 Nd7 16. Ra2 Ne5 17. Nxe5 Bxe5 18. Ng3 Bxg3 19. fxg3 e5 20. h4 f6 21. Qe2
Qe7 22. Qh5 Qh7 23. Rf1 Rf7 24. hxg5 hxg5 25. Qxh7+ Kxh7 26. Bxg5 Kg6 27. Be3
Rh8 28. b4 Kh5 29. Kf2 Kg4 30. Raa1 Rh2 31. Rh1 Rfh7 32. Rxh2 Rxh2 33. Kg1 Rh8
34. Rf1 Rf8 35. bxc5 bxc5 36. Rf3 c4 37. Kf2 a5 38. Ke2 c3 39. b3 Bc6 40. Bb6
a4 41. bxa4 Bxa4 42. Ba5 Bxc2 43. Bxc3 Bb3 44. Bb4 Rd8 45. Rxf6 Kxg3 46. Rxd6
Rxd6 47. Bxd6 Kxg2 48. Bxe5 Bc2 49. Ke3 Kh3 50. d4 Kg4 51. d5 Ba4 52. Bc7 Kg5
53. e5 Kf5 54. Kd4 Bd7 55. Kc5 Be8 56. Kd6 Bc6 57. Kxc6 1-0

[Event "20. Obert Int. Sant Marti 2018 - B"]
[Site "Barcelona ESP"]
[Date "2018.07.15"]
[Round "3.81"]
[White "Yuste Fornell, Ramon"]
[Black "Rodriguez Gonzalez, Feliciano"]
[Result "1/2-1/2"]
[WhiteElo "1948"]
[BlackElo "1403"]
[PlyCount "44"]
[EventDate "2018.07.13"]
[EventType "swiss"]
[EventRounds "9"]
[EventCountry "ESP"]
[SourceTitle "Ajedrez en Madrid"]
[Source "lmi"]
[SourceDate "2018.07.13"]
[SourceVersion "1"]
[SourceVersionDate "2019.06.21"]
[SourceQuality "1"]

1. e4 c5 2. Nc3 d6 3. g3 Nc6 4. Bg2 g6 5. d3 Bg7 6. Be3 Nf6 7. Qc1 Ng4 8. Bd2
Nd4 9. Nd1 e5 10. c3 Nc6 11. h3 Nf6 12. Bh6 O-O 13. Bxg7 Kxg7 14. Nf3 d5 15.
O-O dxe4 16. dxe4 Nxe4 17. Ne3 f5 18. Rd1 Qe8 19. Nd5 Rf7 20. Ng5 Rd7 21. Nxe4
fxe4 22. Bxe4 Rf7 1/2-1/2

[Event "20. Obert Int. Sant Marti 2018 - B"]
[Site "Barcelona ESP"]
[Date "2018.07.16"]
[Round "4.1"]
[White "Nadal Fajardo, Ricard"]
[Black "Molinero Martin, Joan"]
[Result "1/2-1/2"]
[WhiteElo "1894"]
[BlackElo "1939"]
[PlyCount "30"]
[EventDate "2018.07.13"]
[EventType "swiss"]
[EventRounds "9"]
[EventCountry "ESP"]
[SourceTitle "Ajedrez en Madrid"]
[Source "lmi"]
[SourceDate "2018.07.13"]
[SourceVersion "1"]
[SourceVersionDate "2019.06.21"]
[SourceQuality "1"]

1. c4 Nf6 2. Nc3 g6 3. g3 Bg7 4. Bg2 O-O 5. Nf3 d6 6. O-O c5 7. Rb1 Nc6 8. a3
Bf5 9. d3 Qd7 10. Re1 Bh3 11. Bh1 h6 12. Bd2 Rab8 13. b4 Nh7 14. Nd5 Nd4 15. b5
Bg4 1/2-1/2